000 00290nam a2200133Ia 4500
100 _aBotkar/K.R
250 _a6
942 _cBK
654 _aintegrated
245 _aIntegrated circuits design & Leeno
260 _bKhanna publishers
_aBombay
_c1994
300 _a187
546 _aENGLISH
999 _c22113
_d22113